Basics of Nursing Biochemistry (Record no. 599)
| 000 -LEADER | |
|---|---|
| fixed length control field | 00255nam a22001337a 4500 |
| 082 ## - DEWEY DECIMAL CLASSIFICATION NUMBER | |
| Classification number | 610.73 RAV |
| 100 ## - MAIN ENTRY--AUTHOR NAME | |
| Personal name | Ravi,B.V. |
| 245 ## - TITLE STATEMENT | |
| Title | Basics of Nursing Biochemistry |
| 250 ## - EDITION STATEMENT | |
| Edition statement | 2nd |
| 260 ## - PUBLICATION, DISTRIBUTION, ETC. (IMPRINT) | |
| Year of publication | 2014 |
| 300 ## - PHYSICAL DESCRIPTION | |
| Number of Pages | 203 |
| 650 ## - SUBJECT ADDED ENTRY--TOPICAL TERM | |
| Topical Term | Nursing |
| 942 ## - ADDED ENTRY ELEMENTS (KOHA) | |
| Koha item type | Books |
| Withdrawn status | Lost status | Permanent Location | Current Location | Shelving location | Date acquired | Source of acquisition | Cost, normal purchase price | Full call number | Accession Number | Koha item type |
|---|---|---|---|---|---|---|---|---|---|---|
| Central Library Main Campus PUMHSW Nawabshah (SBA) | Reference Section (PUMHS Central Library) | Biochemistry | 2018-11-13 | Ms.Progressive / Bill,No.INV-57040588 / Date,18-01-2017 / 7-2-2017 | 318.94 | 610.73 RAV | 38030 Ref. | Books |